• 首页
  • 本馆介绍
  • 公告通知
  • 最新文献
  • 馆藏检索
  • 电子资源
  • 读者导购
  • 参考咨询
  • 我的图书馆
  • 登录
  • 详细信息显示
  • 放入我的书架
  • 预约/预借图书
  • 作者相关作品
  • 分类相关作品
  • 丛书相关作品
  • 出版社相关作品

书目信息

  • 表格格式
  • 工作单格式
  • 卡片格式
题名:
陈师曾讲中国绘画史
    
 
作者: 陈师曾 著
分册:  
出版信息: 北京   团结出版社  2019
页数: 247页
开本: 22cm
丛书名: 大师讲堂·学术经典
单 册:
中图分类: J209.22
科图分类:
主题词: 绘画史--研究--中国--古代
电子资源:
ISBN: 978-7-5126-4347-5
000 00890oam2 2200241 450
001 2334300929
005 20231124093205.87
010    @a978-7-5126-4347-5@b精装@dCNY59.80
100    @a20190508d2019 em y0chiy50 ea
101 0  @achi
102    @aCN@b110000
105    @aa z 000yy
200 1  @a陈师曾讲中国绘画史@Achen shi zeng jiang zhong guo hui hua shi@f陈师曾著
210    @a北京@c团结出版社@d2019
215    @a247页@c图@d22cm
225 2  @a大师讲堂·学术经典
330    @a本书共有4部分:第一编上古史;第二编中古史;第三编近世史;附录。分别收录:《三代之绘画》《汉代之绘画》《六朝之绘画》《魏晋之绘画》《隋朝之绘画》《唐朝之绘画》《五代之绘画》《宋朝之绘画》《元朝之绘画》等。
410  0 @12001 @a大师讲堂·学术经典
606 0  @a绘画史@x研究@y中国@z古代
690    @aJ209.22@v5
701  0 @a陈师曾@AChen Shi Zeng@4著
801  0 @aCN@b91MARC@c20190508
905    @aBZT@dJ209.22@e10
    
    陈师曾讲中国绘画史/陈师曾著.-北京:团结出版社,2019
    247页:图;22cm.-(大师讲堂·学术经典)
    
    
    ISBN 978-7-5126-4347-5(精装):CNY59.80
    本书共有4部分:第一编上古史;第二编中古史;第三编近世史;附录。分别收录:《三代之绘画》《汉代之绘画》《六朝之绘画》《魏晋之绘画》《隋朝之绘画》《唐朝之绘画》《五代之绘画》《宋朝之绘画》《元朝之绘画》等。
●
相关链接 在五车中查询图书 在当当中查询图书 在豆瓣中查询图书


正题名:陈师曾讲中国绘画史     索取号:J209.22/10         预约/预借

序号 登录号 条形码 馆藏地/架位号 状态 备注
1 2001040406   2001040406   中教第一批/山东中教(第一批)/611/ [索取号:J209.22/10] 在馆    
2 2001040407   2001040407   中教第一批/山东中教(第一批)/611/ [索取号:J209.22/10] 在馆    
3 2001040408   2001040408   中教第一批/山东中教(第一批)/611/ [索取号:J209.22/10] 在馆    
4 2001040409   2001040409   中教第一批/山东中教(第一批)/611/ [索取号:J209.22/10] 在馆    
5 2001040410   2001040410   中教第一批/山东中教(第一批)/611/ [索取号:J209.22/10] 在馆    
6 2001040411   2001040411   中教第一批/山东中教(第一批)/611/ [索取号:J209.22/10] 在馆    
山东省滨州职业学院图书馆 欢迎您!
大连网信软件有限公司© 版权所有